000 00234nam a2200085Ia 4500
008 170620s9999 xx 000 0 und d
100 _aMishra- R. C.
245 0 _aExploring Educational Research
260 _bNew Delhi- A.P.H. Publishing corporation
260 _c2004
999 _c24358
_d24358